[Event "South Island-ch"]
[Site "Dunedin"]
[Date "2020.10.08"]
[Round "6"]
[White "Duffield, Terence"]
[Black "Sarfas, Edward"]
[Result "0-1"]
[WhiteElo "1692"]
[BlackElo "1807"]
[PlyCount "86"]
[EventDate "2020.10.03"]
[EventType "swiss"]
[EventRounds "7"]
[EventCountry "NZL"]
[SourceTitle "EXT 2024"]
[Source "ChessBase"]
[SourceDate "2023.10.10"]
[SourceVersion "1"]
[SourceVersionDate "2023.10.10"]
[SourceQuality "1"]

1. e4 c5 2. Nf3 Nc6 3. d4 cxd4 4. Nxd4 e5 5. Nb3 Nf6 6. Bc4 d6 7. Nc3 Bg4 8. f3 Bh5 9. Bg5 Be7 10. Bxf6 Bxf6 11. Nd5 Bh4+ 12. g3 Be7 13. Qd3 a6 14. Qc3 Rc8 15. Nd2 b5 16. Bb3 Nd4 17. Qd3 0-0 18. 0-0 Kh8 19. g4 Bg6 20. f4 Nxb3 21. axb3 exf4 22. Rxf4 Bg5 23. Rf2 Re8 24. Nf4 Bxf4 25. Rxf4 Qb6+ 26. Kg2 Qc6 27. c4 Re5 28. h4 h6 29. Kf3 f5 30. Re1 fxg4+ 31. Kxg4 Qd7+ 32. Kg3 Bh5 33. Ref1 Kh7 34. Nf3 Bxf3 35. R1xf3 Qe6 36. Rf5 bxc4 37. bxc4 Rxc4 38. R3f4 Rb4 39. Qxa6 Rb3+ 40. Rf3 Rxb2 41. Rxe5 Qxe5+ 42. Rf4 Rb3+ 43. Kg4 h5# 0-1

[Event "South Island-ch"]
[Site "Dunedin"]
[Date "2020.10.07"]
[Round "5"]
[White "Zhang, Kendrick Botong"]
[Black "Duffield, Terence"]
[Result "1-0"]
[WhiteElo "1574"]
[BlackElo "1692"]
[PlyCount "63"]
[EventDate "2020.10.03"]
[EventType "swiss"]
[EventRounds "7"]
[EventCountry "NZL"]
[SourceTitle "EXT 2024"]
[Source "ChessBase"]
[SourceDate "2023.10.10"]
[SourceVersion "1"]
[SourceVersionDate "2023.10.10"]
[SourceQuality "1"]

1. e4 e5 2. Nf3 Nc6 3. d4 exd4 4. Bc4 Bc5 5. c3 d3 6. Qxd3 d6 7. b4 Bb6 8. 0-0 Be6 9. Bxe6 fxe6 10. Be3 Nf6 11. Nbd2 Bxe3 12. Qxe3 0-0 13. h3 a6 14. Rad1 Nd7 15. Kh2 Qf6 16. g3 Nb6 17. Nd4 Ne5 18. f4 Nec4 19. Nxc4 Nxc4 20. Qe2 b5 21. Rf3 Rae8 22. a4 e5 23. axb5 axb5 24. Nxb5 Qf7 25. Rdf1 d5 26. fxe5 Qd7 27. Nd4 Rxf3 28. Nxf3 Nxe5 29. Nxe5 Rxe5 30. Qf3 h6 31. Qf8+ Kh7 32. Rf7 1-0

[Event "South Island-ch"]
[Site "Dunedin"]
[Date "2020.10.05"]
[Round "3"]
[White "Anikonov, Artem"]
[Black "Duffield, Terence"]
[Result "1-0"]
[WhiteElo "1308"]
[BlackElo "1692"]
[PlyCount "77"]
[EventDate "2020.10.03"]
[EventType "swiss"]
[EventRounds "7"]
[EventCountry "NZL"]
[SourceTitle "EXT 2024"]
[Source "ChessBase"]
[SourceDate "2023.10.10"]
[SourceVersion "1"]
[SourceVersionDate "2023.10.10"]
[SourceQuality "1"]

1. e4 e5 2. Nf3 Nc6 3. d4 exd4 4. Nxd4 Bc5 5. Be3 Qf6 6. c3 Nge7 7. Bc4 Ne5 8. Bb3 d6 9. Qe2 0-0 10. Nd2 N7g6 11. 0-0-0 Ng4 12. Qf3 Nxe3 13. Qxf6 gxf6 14. fxe3 Ne5 15. N2f3 Ng4 16. Rd2 Re8 17. h3 Nh6 18. g4 Bxd4 19. exd4 Rxe4 20. g5 fxg5 21. Nxg5 Re7 22. Rg1 Kh8 23. Rdg2 Be6 24. Re2 Ree8 25. Nxe6 fxe6 26. Rxe6 Rxe6 27. Bxe6 Rf8 28. d5 c6 29. c4 Nf5 30. Rf1 Kg7 31. Rxf5 Rxf5 32. Bxf5 cxd5 33. cxd5 h6 34. Kd2 Kf6 35. Be6 Ke5 36. Ke3 b6 37. a4 a5 38. b3 h5 39. Kd3 1-0

[Event "Dunedin Sutton Trophy"]
[Site "Dunedin"]
[Date "2016.11.23"]
[Round "5"]
[White "Aimers, Geoffrey"]
[Black "Duffield, Terence"]
[Result "1/2-1/2"]
[WhiteElo "1886"]
[BlackElo "1717"]
[PlyCount "50"]
[EventDate "2016.10.26"]
[EventType "swiss"]
[EventRounds "6"]
[EventCountry "NZL"]
[SourceTitle "EXT 2018"]
[Source "ChessBase"]
[SourceDate "2017.10.13"]
[SourceVersion "1"]
[SourceVersionDate "2017.10.13"]
[SourceQuality "1"]

1. e4 e5 2. Nf3 Nc6 3. Bb5 a6 4. Ba4 Nf6 5. 0-0 d6 6. Re1 Be7 7. c3 b5 8. Bc2 Bg4 9. d4 Qd7 10. d5 Nd8 11. a4 Rb8 12. Nbd2 0-0 13. Nf1 c6 14. Ne3 Qb7 15. h3 Bxf3 16. Qxf3 Re8 17. axb5 axb5 18. Nf5 Bf8 19. dxc6 Nxc6 20. Be3 b4 21. Ba4 Rec8 22. Nh6+ Kh8 23. Bxc6 Qxc6 24. Nxf7+ Kg8 25. Nh6+ Kh8 1/2-1/2

[Event "Dunedin Sutton Trophy"]
[Site "Dunedin"]
[Date "2015.11.11"]
[Round "3"]
[White "Nicholls, Leighton"]
[Black "Duffield, Terence"]
[Result "1-0"]
[WhiteElo "1793"]
[BlackElo "1739"]
[PlyCount "49"]
[EventDate "2015.10.28"]
[EventType "swiss"]
[EventRounds "6"]
[EventCountry "NZL"]
[SourceTitle "EXT 2018"]
[Source "ChessBase"]
[SourceDate "2017.10.13"]
[SourceVersion "1"]
[SourceVersionDate "2017.10.13"]
[SourceQuality "1"]

1. f4 e5 2. fxe5 d6 3. exd6 Bxd6 4. Nf3 g5 5. g3 g4 6. Nh4 f5 7. e3 Nf6 8. Bg2 Nh5 9. 0-0 Bxg3 10. Nxf5 Bxh2+ 11. Kxh2 Bxf5 12. Rxf5 Qh4+ 13. Kg1 Nc6 14. b3 0-0-0 15. Ba3 Ng3 16. Rf4 h5 17. Nc3 Ne5 18. Ne4 Rhe8 19. Qe1 Ng6 20. Qxg3 Qxg3 21. Nxg3 Nxf4 22. exf4 h4 23. Ne4 g3 24. d3 Rd7 25. Bh3 1-0

[Event "Dunedin Sutton Trophy"]
[Site "Dunedin"]
[Date "2015.11.04"]
[Round "2"]
[White "Duffield, Terence"]
[Black "Sutherland, John"]
[Result "0-1"]
[WhiteElo "1739"]
[BlackElo "2054"]
[PlyCount "54"]
[EventDate "2015.10.28"]
[EventType "swiss"]
[EventRounds "6"]
[EventCountry "NZL"]
[SourceTitle "EXT 2018"]
[Source "ChessBase"]
[SourceDate "2017.10.13"]
[SourceVersion "1"]
[SourceVersionDate "2017.10.13"]
[SourceQuality "1"]

1. e4 c5 2. d4 cxd4 3. c3 dxc3 4. Nxc3 Nc6 5. Bc4 d6 6. Nf3 a6 7. 0-0 Nf6 8. e5 dxe5 9. Qxd8+ Nxd8 10. Nxe5 e6 11. Bg5 Be7 12. Rfd1 h6 13. Bh4 Nd7 14. Nxd7 Bxd7 15. Bg3 b5 16. Be2 Bc6 17. Bf1 Nb7 18. a4 b4 19. Ne2 0-0 20. Nd4 Bd5 21. Rac1 Bc5 22. Be5 Rfc8 23. Rd3 Bd6 24. Rxc8+ Rxc8 25. Nf5 Bf8 26. Rd4 Nc5 27. Bxg7 Bxg7 0-1

[Event "South Island-ch"]
[Site "Dunedin"]
[Date "2012.10.12"]
[Round "5"]
[White "Aimers, Geoffrey"]
[Black "Duffield, Terence"]
[Result "1/2-1/2"]
[WhiteElo "1876"]
[BlackElo "1668"]
[PlyCount "66"]
[EventDate "2012.10.14"]
[EventType "swiss"]
[EventRounds "9"]
[EventCountry "NZL"]
[SourceTitle "EXT 2018"]
[Source "ChessBase"]
[SourceDate "2017.10.13"]
[SourceVersion "1"]
[SourceVersionDate "2017.10.13"]
[SourceQuality "1"]

1. e4 d6 2. d4 g6 3. c4 Bg7 4. Nc3 Nf6 5. Nf3 0-0 6. Be2 Re8 7. 0-0 Nbd7 8. e5 dxe5 9. dxe5 Ng4 10. e6 Nde5 11. Nxe5 Nxe5 12. exf7+ Nxf7 13. Qxd8 Rxd8 14. Nd5 Rd7 15. Rb1 c6 16. Ne3 e6 17. Bg4 Re7 18. b3 Ne5 19. Ba3 Re8 20. Bh3 Nf7 21. Rbd1 e5 22. Bxc8 Rexc8 23. Rd7 b6 24. Rfd1 Bf8 25. Bxf8 Rxf8 26. Ng4 Rfd8 27. Rxd8+ Rxd8 28. Rxd8+ Nxd8 29. Nxe5 Kg7 30. f4 Kf6 31. Kf2 g5 32. Nd3 Ne6 33. fxg5+ Kxg5 1/2-1/2

[Event "South Island-ch"]
[Site "Dunedin"]
[Date "2012.10.12"]
[Round "6"]
[White "Duffield, Terence"]
[Black "Brockway, Andrew"]
[Result "1/2-1/2"]
[WhiteElo "1668"]
[BlackElo "1798"]
[PlyCount "109"]
[EventDate "2012.10.14"]
[EventType "swiss"]
[EventRounds "9"]
[EventCountry "NZL"]
[SourceTitle "EXT 2018"]
[Source "ChessBase"]
[SourceDate "2017.10.13"]
[SourceVersion "1"]
[SourceVersionDate "2017.10.13"]
[SourceQuality "1"]

1. g4 c5 2. Bg2 Nc6 3. d3 g6 4. Nf3 Bg7 5. c3 d6 6. h3 Nf6 7. e4 e5 8. Be3 0-0 9. Qd2 Qe7 10. Na3 Rb8 11. Nc2 b5 12. a3 Na5 13. Rb1 Nb3 14. Qd1 a5 15. Nd2 Be6 16. 0-0 Nxd2 17. Qxd2 Bb3 18. Bf3 Bxc2 19. Qxc2 Nd7 20. g5 f5 21. gxf6 Qxf6 22. Bg2 g5 23. f3 Qg6 24. Rf2 Nf6 25. Qb3+ Kh8 26. Qe6 Rbd8 27. Qe7 Rd7 28. Qe6 Re8 29. Qb3 Rb7 30. Rd1 a4 31. Qc2 Nh5 32. Bf1 Nf4 33. Bxf4 exf4 34. Rdd2 h6 35. Qd1 Kg8 36. Rh2 Kf7 37. Rdg2 Rbb8 38. h4 Rh8 39. hxg5 hxg5 40. Qd2 Rxh2 41. Rxh2 Rh8 42. Rxh8 Bxh8 43. Bh3 Qh6 44. Qg2 Qh4 45. Kh2 b4 46. axb4 cxb4 47. cxb4 Bxb2 48. b5 Qg3+ 49. Qxg3 fxg3+ 50. Kxg3 Bd4 51. b6 Bxb6 52. Bd7 a3 53. Bc6 a2 54. Bd5+ Kf6 55. Bxa2 1/2-1/2